[Event "Schaffhausen op"]
[Site "Schaffhausen"]
[Date "2023.01.03"]
[Round "3"]
[White "Andjelkovic, Slavoljub"]
[Black "Jud, Marc"]
[Result "1/2-1/2"]
[WhiteElo "1733"]
[BlackElo "1853"]
[PlyCount "49"]
[EventDate "2023.01.02"]
[EventType "swiss"]
[EventRounds "5"]
[EventCountry "SUI"]
[SourceTitle "CBM 212 Extra"]
[Source "ChessBase"]
[SourceDate "2023.03.31"]
[SourceVersion "1"]
[SourceVersionDate "2023.03.31"]
[SourceQuality "1"]

1. e4 c5 2. Nf3 d6 3. d4 cxd4 4. Nxd4 Nf6 5. Nc3 a6 6. f3 e6 7. Be3 Be7 8. Qd2 Qc7 9. 0-0-0 0-0 10. g4 Nc6 11. h4 Nxd4 12. Bxd4 e5 13. Be3 Be6 14. h5 b5 15. g5 Nd7 16. g6 fxg6 17. hxg6 hxg6 18. Qh2 Nf6 19. Bg5 Nh5 20. Bxe7 Qxe7 21. Kb1 Nf4 22. Nd5 Bxd5 23. exd5 Rac8 24. Bd3 Kf7 25. Be4 1/2-1/2

[Event "Pfaeffikon Acrevis op 2nd"]
[Site "Pfaeffikon"]
[Date "2022.07.29"]
[Round "3"]
[White "Walter, Gerhard"]
[Black "Andjelkovic, Slavoljub"]
[Result "1-0"]
[WhiteElo "1862"]
[BlackElo "1770"]
[PlyCount "87"]
[EventDate "2022.07.28"]
[EventType "swiss"]
[EventRounds "6"]
[EventCountry "SUI"]
[SourceTitle "EXT 2023"]
[Source "ChessBase"]
[SourceDate "2022.10.05"]
[SourceVersion "1"]
[SourceVersionDate "2022.10.05"]
[SourceQuality "1"]

1. e4 c5 2. Nf3 d6 3. d4 cxd4 4. Nxd4 Nf6 5. Nc3 g6 6. Be3 Bg7 7. f3 0-0 8. Qd2 Nc6 9. 0-0-0 d5 10. Qe1 e5 11. Nxc6 bxc6 12. exd5 cxd5 13. Bg5 Be6 14. Bc4 Qa5 15. Nxd5 Qxe1 16. Rhxe1 Nxd5 17. Bxd5 Bxd5 18. Rxd5 f6 19. Be3 Rfe8 20. Rd7 a5 21. Red1 e4 22. f4 f5 23. Rb7 Rab8 24. Rxb8 Rxb8 25. c3 a4 26. Kc2 Rc8 27. Bd4 Bf8 28. Be5 Re8 29. Rd4 Ra8 30. Rd7 Re8 31. Ra7 g5 32. g3 gxf4 33. gxf4 Bh6 34. Ra6 Bg5 35. Rxa4 Kf7 36. Ra7+ Re7 37. Rxe7+ Bxe7 38. Kd2 Kg6 39. Ke3 Kh5 40. a4 Kg4 41. a5 Kh3 42. a6 Bc5+ 43. Bd4 Bd6 44. a7 1-0

[Event "Zuerich op-B 39th"]
[Site "Zuerich"]
[Date "2015.12.27"]
[Round "2"]
[White "Janzek, Jurij"]
[Black "Andjelkovic, Slavoljub"]
[Result "1-0"]
[WhiteElo "1993"]
[BlackElo "1834"]
[PlyCount "67"]
[EventDate "2015.12.26"]
[EventType "swiss"]
[EventRounds "7"]
[EventCountry "SUI"]
[SourceTitle "CBM 170 Extra"]
[Source "ChessBase"]
[SourceDate "2016.02.25"]
[SourceVersion "1"]
[SourceVersionDate "2016.02.25"]
[SourceQuality "1"]

1. d4 Nf6 2. Nf3 g6 3. c4 Bg7 4. Nc3 0-0 5. e4 d6 6. h3 e5 7. d5 a5 8. Be3 Na6 9. Be2 Ne8 10. g4 f5 11. gxf5 gxf5 12. exf5 Bxf5 13. Qd2 c5 14. Ng5 Nac7 15. Bd3 Qf6 16. Bxf5 Qxf5 17. 0-0-0 h6 18. Nge4 b5 19. cxb5 Nxb5 20. Ng3 Qd7 21. Nxb5 Qxb5 22. Nh5 Rf7 23. Rhg1 Qc4+ 24. Kb1 Qe4+ 25. Ka1 Kh7 26. Nxg7 Nxg7 27. Bxh6 Nf5 28. Be3 Rg8 29. Rxg8 Kxg8 30. a3 Kh7 31. Rg1 Nd4 32. Bxd4 cxd4 33. Qg5 Qf5 34. Qh4+ 1-0

[Event "Lenk op"]
[Site "Lenk"]
[Date "2011.04.23"]
[Round "3"]
[White "Andjelkovic, Slavoljub"]
[Black "Chivaux, Serge"]
[Result "1-0"]
[WhiteElo "1790"]
[BlackElo "1743"]
[PlyCount "45"]
[EventDate "2011.04.21"]
[EventType "swiss"]
[EventRounds "7"]
[EventCountry "SUI"]
[SourceTitle "CBM 142 Extra"]
[Source "ChessBase"]
[SourceDate "2011.06.27"]
[SourceVersion "1"]
[SourceVersionDate "2011.06.27"]
[SourceQuality "1"]

1. e4 e6 2. d4 d5 3. Nc3 c5 4. exd5 exd5 5. dxc5 Bxc5 6. Qxd5 Qe7+ 7. Be2 Nf6 8. Qd3 0-0 9. Bg5 Rd8 10. Bxf6 Qxf6 11. Qf3 Qg6 12. Bd3 Re8+ 13. Nge2 Qb6 14. 0-0-0 Bxf2 15. Nd5 Be3+ 16. Kb1 Qc5 17. Rhf1 Be6 18. Nxe3 Nc6 19. Nf5 Bxa2+ 20. Kxa2 Qa5+ 21. Kb1 Nb4 22. Nh6+ gxh6 23. Qxf7+ 1-0

[Event "Zuerich op-B 34th"]
[Site "Zuerich"]
[Date "2010.12.27"]
[Round "2"]
[White "Retti, Ivan"]
[Black "Andjelkovic, Slavoljub"]
[Result "1-0"]
[WhiteElo "1906"]
[BlackElo "1778"]
[PlyCount "45"]
[EventDate "2010.12.26"]
[EventType "swiss"]
[EventRounds "7"]
[EventCountry "SUI"]
[SourceTitle "CBM 140 Extra"]
[Source "ChessBase"]
[SourceDate "2011.03.01"]
[SourceVersion "1"]
[SourceVersionDate "2011.03.01"]
[SourceQuality "1"]

1. e4 c5 2. Nf3 Nc6 3. Bb5 a6 4. Bxc6 bxc6 5. 0-0 d6 6. c3 Nf6 7. Re1 g6 8. d4 cxd4 9. cxd4 Bg7 10. Nc3 0-0 11. Qc2 Qc7 12. Bf4 Nh5 13. Be3 e5 14. dxe5 dxe5 15. Rac1 Qb7 16. Na4 Qb5 17. Nb6 Rb8 18. Qxc6 Qxb2 19. Nxc8 Rbxc8 20. Qxc8 Rxc8 21. Rxc8+ Bf8 22. Bc5 Kg7 23. Bxf8+ 1-0

[Event "Davos op"]
[Site "Davos"]
[Date "2010.08.13"]
[Round "6"]
[White "Andjelkovic, Slavoljub"]
[Black "Krueckeberg, Bernd"]
[Result "0-1"]
[WhiteElo "1827"]
[BlackElo "1975"]
[PlyCount "56"]
[EventDate "2010.08.08"]
[EventType "swiss"]
[EventRounds "7"]
[EventCountry "SUI"]
[SourceTitle "CBM 138 Extra"]
[Source "ChessBase"]
[SourceDate "2010.10.29"]
[SourceVersion "1"]
[SourceVersionDate "2010.10.29"]
[SourceQuality "1"]

1. e4 c6 2. d4 d5 3. Nc3 dxe4 4. Nxe4 Nd7 5. Ng5 Ngf6 6. Bd3 e6 7. Qe2 Bd6 8. N1f3 h6 9. Ne4 Nxe4 10. Qxe4 Nf6 11. Qe2 b6 12. 0-0 Bb7 13. Re1 Qc7 14. h3 0-0 15. Ne5 c5 16. Ng4 Nxg4 17. Qxg4 Kh8 18. Bxh6 gxh6 19. Qh5 Bf4 20. g3 Rad8 21. Re5 f6 22. Rxe6 Qg7 23. Rae1 Bxg3 24. Re7 Bxf2+ 25. Kxf2 Qg2+ 26. Ke3 cxd4+ 27. Kf4 Qf2+ 28. Kg4 Bf3+ 0-1

[Event "Davos op"]
[Site "Davos"]
[Date "2010.08.12"]
[Round "5"]
[White "Strobl, Helmut"]
[Black "Andjelkovic, Slavoljub"]
[Result "0-1"]
[WhiteElo "1861"]
[BlackElo "1827"]
[PlyCount "100"]
[EventDate "2010.08.08"]
[EventType "swiss"]
[EventRounds "7"]
[EventCountry "SUI"]
[SourceTitle "CBM 138 Extra"]
[Source "ChessBase"]
[SourceDate "2010.10.29"]
[SourceVersion "1"]
[SourceVersionDate "2010.10.29"]
[SourceQuality "1"]

1. c4 c5 2. g3 Nc6 3. Nc3 e6 4. Bg2 Nf6 5. e4 d6 6. Nge2 Be7 7. 0-0 0-0 8. h3 a6 9. a3 Qc7 10. d3 Bd7 11. Rb1 Rab8 12. b4 Nd4 13. b5 Nxe2+ 14. Qxe2 Rfc8 15. b6 Qd8 16. e5 dxe5 17. Qxe5 Bc6 18. Qe2 Bxg2 19. Kxg2 Nd7 20. Bf4 e5 21. Nd5 Bd6 22. Bd2 Nf6 23. Bg5 Be7 24. Nxe7+ Qxe7 25. f4 e4 26. dxe4 Qxe4+ 27. Qxe4 Nxe4 28. Rfd1 f6 29. Rd7 fxg5 30. Rbd1 Nf6 31. Rc7 gxf4 32. g4 Ne8 33. Rcd7 Rc6 34. Rb1 Rd6 35. Re7 Kf8 36. Re5 Rc8 37. Rf5+ Rf6 38. Rd5 Rcc6 39. Re1 Rfe6 40. Rf1 Rxb6 41. Rxf4+ Rf6 42. Rdf5 g6 43. Rxf6+ Rxf6 44. Re4 Nd6 45. Re5 Nxc4 46. Rxc5 Nxa3 47. Rc7 Rf7 48. Rc3 Nb5 49. Rb3 Ke7 50. h4 Kd6 0-1

[Event "Bern op"]
[Site "Bern"]
[Date "2004.02.12"]
[Round "1"]
[White "Andjelkovic, Slavoljub"]
[Black "Vucenovic, Dragomir"]
[Result "0-1"]
[WhiteElo "1844"]
[BlackElo "2276"]
[PlyCount "50"]
[EventDate "2004.02.??"]
[EventType "swiss"]
[EventRounds "7"]
[EventCountry "SUI"]
[SourceTitle "EXT 2005"]
[Source "ChessBase"]
[SourceDate "2004.11.15"]
[SourceVersion "1"]
[SourceVersionDate "2004.11.15"]
[SourceQuality "1"]

1. e4 e5 2. Nf3 Nc6 3. Bc4 Nf6 4. d3 Bc5 5. 0-0 d6 6. c3 Qe7 7. h3 0-0 8. Re1 h6 9. Nbd2 a6 10. Bb3 Ba7 11. Nf1 Na5 12. Bc2 c5 13. N3h2 b5 14. Ng4 Nxg4 15. hxg4 Qh4 16. Nh2 c4 17. d4 Nc6 18. Be3 exd4 19. cxd4 Qf6 20. g5 hxg5 21. e5 dxe5 22. Ng4 Bxg4 23. Qxg4 Nxd4 24. Bxg5 Qe6 25. Qe4 f5 0-1